CHILE: EL DIALOGO O LAS ARMAS (DOCUMENTOS Y COMENTARIOS PARA UN BALANCE CRITICO). PARTE II

Uloženo v:
Podrobná bibliografie
Médium: Kniha
Edice:DOSSIER 12
Tagy: Přidat tag
Žádné tagy, Buďte první, kdo vytvoří štítek k tomuto záznamu!

MARC

LEADER 00000nam^a2200000^a^4500
001 000214824
005 20260512000000.0
009 20260512122259.648
035 |a 037793 
037 |a Acervo Xavier Clavigero 
082 |a 326. 2  |b INF 
245 1 0 |a CHILE:  |b EL DIALOGO O LAS ARMAS (DOCUMENTOS Y COMENTARIOS PARA UN BALANCE CRITICO). PARTE II 
264 |a CARACAS :  |b Información Documental de América Latina,  |c 1975 
300 |a 431p. 
336 |a texto  |b txt  |2 rdacontenido 
337 |a sin mediación  |b n  |2 rdamedio 
338 |a volumen  |b nc  |2 rdasoporte 
440 |a DOSSIER 12 
585 |a Exposición DIA 2023-09 / A 50 años del golpe de Estado: Chile e ITESO, convergencias con la dignidad y la memoria 
649 |a XX 
910 |a Fondo General 
920 |a Impresos - Libros 
930 |a Colección General 
905 |a 101 
901 |a 037793  |b IT1  |c ACC  |i 037793  |u 20250521 
902 |a https://opac.biblio.iteso.mx/vufind/Record/000214824